|
|
|
|
| LEADER |
00000nas a2200000 a 4500 |
| 001 |
ssj0013955 |
| 003 |
WaSeSS |
| 005 |
20200512172242.0 |
| 006 |
m d |
| 007 |
cr n |
| 008 |
011213d19822010ohuqr p s f0 a0eng c |
| 010 |
|
|
|a 2001232963
|
| 022 |
|
|
|a 2375-6519
|y 2375-6470
|
| 035 |
|
|
|a (WaSeSS)ssj0013955
|
| 037 |
|
|
|b Paper subscription available from: DISAM/DR, 2475 K Street., Wright-Patterson AFB, OH 45433-7641
|
| 040 |
|
|
|a GPO
|b eng
|c GPO
|d OCLCQ
|d GPO
|d SERSO
|d DOS
|d OCLCQ
|d OCLCF
|d DLC
|d OCLCO
|d COO
|d OCLCQ
|d GPO
|d DLC
|d GILDS
|d WaSeSS
|
| 042 |
|
|
|a pcc
|a nsdp
|
| 043 |
|
|
|a n-us---
|
| 050 |
|
4 |
|a UA12
|b .D57 online
|
| 074 |
|
|
|a 0306-A-20 (online)
|
| 082 |
0 |
0 |
|a 355.032
|2 23
|
| 086 |
0 |
|
|a D 1.86:
|
| 222 |
|
4 |
|a The DISAM journal of international security assistance management
|b (Online)
|
| 245 |
0 |
4 |
|a The DISAM journal of international security assistance management
|h [electronic resource].
|
| 246 |
1 |
|
|a Defense Institute of Security Assistance Management journal of international security assistance management
|
| 246 |
1 |
|
|a DISAM journal
|
| 260 |
|
|
|a Wright Patterson AFB, OH :
|b Defense Institute of Security Assistance Management
|
| 310 |
|
|
|a Quarterly
|
| 362 |
1 |
|
|a Print began with vol. 4, no. 4 (summer 1982); ceased with vol. 32, no. 1 (July 2010).
|
| 500 |
|
|
|a Some v. distributed to depository libraries on microfiche, ending with issue for <winter 1999-2000>
|
| 506 |
|
|
|a License restrictions may limit access.
|
| 515 |
|
|
|a Older articles can be accessed via DISAM journal article index. Previously available as of 7/18/2017: https://www.discs.dsca.mil/_pages/resources/journal_index.aspx?id=a
|
| 538 |
|
|
|a Mode of access: Internet at the DISAM web site. Previously available as of 10/31/01: http://disam.osd.mil/Journal.htm.
|
| 588 |
|
|
|a Description based on: Vol. 21, no. 3 (spring, 1999); title from title screen (viewed Oct. 31, 2001).
|
| 588 |
|
|
|a Latest issue consulted: Vol. 32, no. 1 (July 2010); (viewed Oct. 23, 2014).
|
| 650 |
|
0 |
|a Security Assistance Program
|x Management
|v Periodicals.
|
| 650 |
|
0 |
|a Military assistance, American
|v Periodicals.
|
| 650 |
|
0 |
|a Economic assistance, American
|v Periodicals.
|
| 650 |
|
0 |
|a Security, International
|v Periodicals.
|
| 650 |
|
7 |
|a Economic assistance, American.
|2 fast
|0 (OCoLC)fst00901618
|
| 650 |
|
7 |
|a Military assistance, American.
|2 fast
|0 (OCoLC)fst01020932
|
| 650 |
|
7 |
|a Security Assistance Program
|x Management.
|2 fast
|0 (OCoLC)fst01110872
|
| 650 |
|
7 |
|a Security, International.
|2 fast
|0 (OCoLC)fst01110895
|
| 655 |
|
0 |
|a Electronic journals.
|
| 710 |
2 |
|
|a Defense Institute of Security Assistance Management (U.S.)
|
| 776 |
0 |
8 |
|i Print version:
|t DISAM journal of international security assistance management
|x 2375-6470
|w (DLC) 88659093
|w (OCoLC)10358682
|
| 776 |
0 |
8 |
|i Microfiche version:
|t DISAM journal of international security assistance management
|w (DLC)sn 92023423
|w (OCoLC)24569214
|
| 785 |
0 |
0 |
|t DISAM annual
|w (DLC) 2017230773
|w (OCoLC)994027667
|
| 856 |
4 |
0 |
|z Full text available from Research Library: 01/01/1997 to 07/31/2010
|u https://search.proquest.com/publication/33924
|